LEADER 01387nam 2200373 n 450 001 996388182103316 005 20221108045026.0 035 $a(CKB)1000000000634636 035 $a(EEBO)2240917862 035 $a(UnM)99826788 035 $a(UnM)9927792800971 035 $a(EXLCZ)991000000000634636 100 $a19950109d1667 uy | 101 0 $aeng 135 $aurbn||||a|bb| 200 00$aOctob: 21. 1667. Prizes of wines set and appointed by the Vice-Chancellor of the University of Oxford, according to which they are to be sold rateably in all measures. ..$b[electronic resource] 210 $a[Oxford $cby William Hall$d1667] 215 $a1 sheet ([1] p.) 300 $aTitle from heading and first lines of text. 300 $aImprint from Madan. 300 $aAt foot: John Fell Vicechan:. 300 $aReproduction of the original in the Bodleian Library. 330 $aeebo-0014 606 $aWine$xPrices$vEarly works to 1800 615 0$aWine$xPrices 701 $aFell$b John$f1625-1686.$01001113 801 0$bCu-RivES 801 1$bCu-RivES 801 2$bCStRLIN 801 2$bWaOLN 906 $aBOOK 912 $a996388182103316 996 $aOctob: 21. 1667. Prizes of wines set and appointed by the Vice-Chancellor of the University of Oxford, according to which they are to be sold rateably in all measures. .$92399595 997 $aUNISA